MARC

LEADER 00000nam0a2200000 4500
001 168488
005 20231031163124.0
035 |a (RuTPU)RU\TPU\book\182800 
035 |a RU\TPU\book\78887 
090 |a 168488 
100 |a 20091028d1976 m y0rusy50 ca 
101 0 |a rus 
102 |a RU 
105 |a a z 000zb 
200 1 |a Разведчик Николай Кузнецов  |f Л. И. Брюханова, В. И. Кузнецов 
205 |a 4-е изд. 
210 |a Свердловск  |c Средне-Уральское кн. изд-во  |d 1976 
215 |a 176 с.  |c ил. 
300 |a Лит. запись Н. А. Данилина 
600 1 |a Кузнецов  |b Н. И.  |c советский разведчик  |f 1911-1944  |g Николай Иванович  |c Герой Советского Союза  |2 stltpush  |3 (RuTPU)RU\TPU\pers\12748 
610 1 |a история 
610 1 |a военная разведка 
610 1 |a партизанское движение 
675 |a 9(с)27  |v 3 
700 1 |a Брюханова  |b Л. И.  |g Лидия Ивановна 
701 1 |a Кузнецов  |b В. И.  |g Виктор Иванович 
801 1 |a RU  |b 63413507  |c 20050224  |g PSBO 
801 2 |a RU  |b 63413507  |c 20110208  |g PSBO 
942 |c BK